000 02209nam0a2200349 4500
001 RU\NLR\bibl\73849
005 20260407053425.0
010 _a5-7510-0159-1
_9300
021 _aRU
_b1999-17982п
_9633п
035 _a(NLR Aleph) 000072055
090 _a397798
_c397798
100 _a20000310d1999 |||y0rusy50 ca
101 0 _arus
102 _aRU
105 _ay |||||||||
200 1 _aМультикультурное библиотечное дело
_eОбслуж. многонац. и многоязыч. читателя
_eМеждунар. руководство
_fРос. гос. б-ка, Информкультура. Отд. орг. и функционирования библ. систем
_g[Пер. с англ. И.Ю. Багровой, к.ю.н.
_gНауч. ред. И.П. Осипова, к.пед.н.]
210 _aМ.
_cПубл. ИФЛА 59. Секция обслуж. мультикульт. населения
_cПашков дом
_d1999
215 _a131,[1] с.
_d20
225 1 _aБиблиотечное дело за рубежом
_eТеория и практика
_vВып. 1
300 _aПер. изд.: Multicultural librarianship: an international handbook. - Munchen etc., 1992
320 _aБиблиогр. в подстроч. прим.
454 0 _12001#$aMulticultural librarianship: an international handbook
_1210##$aMunchen etc.$d1992
_tMulticultural librarianship: an international handbook
606 0 _aБиблиотеки
_jРуководства, пособия и т.п.
_xОбслуживание иноязычных читателей
_92165063
_3RU\NLR\auth\661302760
686 _aЧ735.114.9я7
702 1 _aОсипова
_bИ. П.
_4340
712 0 2 _4570
_a"Информкультура", научно-информационное объединение
_bОтдел организации и функционирования библиотечных систем
_cМосква
_9544723
_3RU\NLR\AUTH\8810023360
801 0 _aRU
_bNLR
_c20000310
_gPSBO
801 1 _aRU
_bNLR
_c20000310
852 _aNLR
_jБ 1000/М-902
942 _cBOOK
980 _aNB